| 000 | 00371 a2200157 4500 | ||
|---|---|---|---|
| 001 | 56810 | ||
| 020 | _a8534924015 | ||
| 040 | _cAnchieta - Pituba | ||
| 100 | _aAlencar, Jakson Ferreira de | ||
| 240 | 1 | 0 |
_aÉrica e seus caminhos de amor _lpor |
| 245 | 1 | 0 | _aÉrica e seus caminhos de amor |
| 300 | _a87 | ||
| 362 | 0 | _a2005 | |
| 650 | 4 | _aLiteratura juvenil | |
| 942 | _cBK | ||
| 999 |
_c56810 _d56810 |
||